000 00437cam a22001575a 4500
001 J100858
008 000000s1924 xxk 000 0 eng u
035 _a(Sirsi) u100858
110 _aSurveyors' Institution
_93783
245 0 4 _aThe effect of splitting up large estates. Selected paper read at a junior meeting, April 1924.
260 _c1924
300 _a10p.
651 4 _aUnited Kingdom
_y
690 _aRural
_96268
942 _n0
999 _c99885
_d99885